Statistiche per Città italiane in tedesco

Clicka qui per fare il quiz!

Statistiche generali

  • Questo quiz è stato fatto 104 volte
  • Il punteggio medio è 7 su 12

Statistiche sulle risposte

ItalianoTedesco% Corretto
RomaRom
93%
TorinoTurin
80%
MilanoMailand
76%
FirenzeFlorenz
72%
PadovaPadua
71%
GenovaGenua
61%
VeneziaVenedig
60%
TriesteTriest
59%
NapoliNeapel
46%
TrentoTrient
41%
SiracusaSyracus
34%
TarantoTarent
29%

Distribuzione punteggi

Percentile per numero di risposta

Percentuale di utenti per punteggio

I tuoi punteggi nel tempo

Non hai fatto questo quiz